Najtrudniejsze Języki Świata - Statystyki

Ogólne statystyki
  • Ten quiz został rozwiązany 1 353 razy
  • Średni wynik to 5 z 10
Statystyki odpowiedzi
Odpowiedź % Poprawnych
6 Polski
97%
8 Japoński
81%
7 Koreański
62%
9 Arabski
55%
10 Mandaryński
55%
5 Węgierski
50%
4 Fiński
39%
1 Islandzki
23%
3 Baskijski
5%
2 Nawaho
4%
Nie znaleziono quizów pasujących do podanych kryteriów
Rozkład punktacji
Procent ludzi z każdym wynikiem
Percentyl według liczby udzielonych odpowiedzi
Twoja historia wyników
Nie rozwiązałeś tego quizu